Pearson International Edition :Using Multivariate Statistics (Record no. 8300)

MARC details
000 -LEADER
fixed length control field 00584nam a22001937a 4500
003 - CONTROL NUMBER IDENTIFIER
control field OSt
005 - DATE AND TIME OF LATEST TRANSACTION
control field 20240422115139.0
008 - FIXED-LENGTH DATA ELEMENTS--GENERAL INFORMATION
fixed length control field 240422b |||||||| |||| 00| 0 eng d
020 ## - INTERNATIONAL STANDARD BOOK NUMBER
International Standard Book Number 0205465250
040 ## - CATALOGING SOURCE
Transcribing agency DDCf
082 ## - DEWEY DECIMAL CLASSIFICATION NUMBER
Edition number Fifth Edition
Classification number 519.533 TAB 2007
100 ## - MAIN ENTRY--PERSONAL NAME
Relator code Tabachnick Barbara G., Fidell Linda S.
245 ## - TITLE STATEMENT
Title Pearson International Edition :Using Multivariate Statistics
260 ## - PUBLICATION, DISTRIBUTION, ETC. (IMPRINT)
Place of publication, distribution, etc. NEW YORK
Name of publisher, distributor, etc. Pearson international Edition
Date of publication, distribution, etc. 2007
300 ## - PHYSICAL DESCRIPTION
Extent xxv; 980p.
Other physical details Ill,
Dimensions 23cm.
504 ## - BIBLIOGRAPHY, ETC. NOTE
Bibliography, etc Appendix References,Index.
650 ## - SUBJECT ADDED ENTRY--TOPICAL TERM
Topical term or geographic name as entry element Mathematics
942 ## - ADDED ENTRY ELEMENTS (KOHA)
Source of classification or shelving scheme Dewey Decimal Classification
Koha item type Open Shelf
Holdings
Withdrawn status Lost status Source of classification or shelving scheme Damaged status Not for loan Home library Current library Source of acquisition Inventory number Total Checkouts Full call number Barcode Date last seen Koha item type
    Dewey Decimal Classification     MUST Main Library MUST Main Library purchase 08/30842   519.533 TAB 2007 2024-0141 22/04/2024 Open Shelf